00556cam a2200169u 450000100100000000500170001000800410002704000310006808200170009910000370011624500880015326000390024130000280028065000260030865000300033470000220036400001816220200929165400.0810903s1909 nyua 000 f eng  aDO-SdBNPcCarPdDLCdBNPHU a813.5bW947c1 aWright, Harold Bell,d1872-1944.14aThe calling of Dan Matthews /cHarold Bell Wright ; ilustraciones Arthur I. Keller. aNew York :bA. L. Burt co.,c1909. a361 p. :bil. ;c20 cm. 4aNovela estadounidense 4aLiteratura estadounidense1 aKeller, Arthur I.